| 000 | 00000nam##2200000za#4500 |
| 001 | 9.696430 |
| 003 | CaOODSP |
| 005 | 20210624235029 |
| 007 | cr ||||||||||| |
| 008 | 150407|1998||||xxc|||||o f|0| 0 eng|d |
| 040 | |aCaOODSP|beng |
| 043 | |an-cn--- |
| 086 | 1 |aA22-183/1998E-PDF |
| 110 | 1 |aCanada. |bAgriculture and Agri-Food Canada. |
| 245 | 10|aServing agriculture : |h[electronic resource]|bCanada's Ministers of Agriculture, 1867-1997 |
| 260 | |aOttawa - Ontario : |bAgriculture and Agri-Food Canada |cc1998. |
| 300 | |a96p.|bphotographs |
| 500 | |aThe catalogue number (A22-183/1998E) and ISBN (0-662-27416-4) for the print edition have been incorrectly copied in this electronic publication. |
| 590 | |a12-32-Supp|b2012-07-11 |
| 690 | 07|aMembers of the House of Commons|2gcpds |
| 690 | 07|aPolitics|2gcpds |
| 690 | 07|aPublic service|2gcpds |
| 775 | 08|tAu service de l'agriculture : |w(CaOODSP)9.640544 |
| 776 | 0#|tServing agriculture : |w(CaOODSP)9.660697 |
| 776 | 0#|tAu service de l'agriculture : |w(CaOODSP)9.660698 |
| 856 | 40|ahttp://publications.gc.ca|qPDF|s5534 KB|uhttps://publications.gc.ca/collections/collection_2012/agr/A22-183-1998-eng.pdf |
| 986 | |aPublication 1990/E |